000
00292nam a22001337a 4500
003
SGT
020
_a
9789388756075
082
_a
615.19
_b
P19R
100
_a
RASTOGI, SAMEER
245
_a
PHARMACEUTICAL CHEMISTRY- II
260
_b
R NARAIN PUBLISHER
_c
2019
300
_a
168
942
_2
ddc
_c
BK
999
_c
18475
_d
18475